000 00447nmm a2200169Ia 4500
008 251105s9999||||xx |||||||||||||||||und||
020 _a9788499539997
041 _aspa
100 _aBlanco White, José María
245 0 _aAutobiografía
264 _a[Madrid, España] :
_bLinkgua,
_c2011
300 _a148 páginas
490 _aHistoria
650 _aBiography
856 _uhttps://public.digitaliapublishing.com/a/10249
942 _cCF
999 _c93143
_d93143